000 00293nam a22001337a 4500
008 170411b xxu||||| |||| 00| 0 eng d
020 _a0721676448
041 _aeng
080 _a618
100 _a10
101 _aSHM
245 _aENTERAL AND TUBE FEEDING
_cROMBEAU.J.L
942 _2udc
_cBK
999 _c10368
_d10368